000 00535nam a2200181 a 4500
005 20210219151736.0
008 991125s1930 mer 000 0 spa u
035 _aUPN01000040017
049 _aCG
050 4 _aF1391 M5
_bR8.4
100 1 _aRubio Mañe, J. Ignacio
245 1 0 _aMonografía de los Montejos /
_cJ. Ignacio Rubio Mañe ; pról. Agustín Aragón.
260 _aMérida :
_bLiga de Acción Social,
_c1930.
300 _a174 p.
600 3 4 _aMONTEJO, FAMILIA
651 4 _aMERIDA, YUCATAN -
_xHISTORIA
905 _aLibro
999 _c40017
_d40017